00592nam a2200157 a 450000100100000000500170001000800410002702000140006804000250008210000330010724500950014026000410023530000360027695201050031299900170041700004204220201002035913.0131111s1999 ag 000 0 spa d a950071665 aDO-SdBNPbspacBNPHU1 aHermida, Luis María96902510aTv manía :bprogramas inolvidables de la televisión argentina /cLuis María Hermida. aBuenos Aires :bSudamericana,c1999. a191 p. :bil., retrs. ;c23 cm. 001050718MOaGRbGRcCTd2013-11-11iLF1l0o p42042-10r2020-06-25w2020-06-25y1ZNo se presta c41531d41531